- Ramírez Padilla, David Noel
Entrada Nombre de persona
Número de registros utilizados en: 1
001 - NÚMERO DE CONTROL
- campo de control: 3554
003 - IDENTIFICADOR DEL NÚMERO DE CONTROL
- campo de control: DO-SdUEMH
005 - FECHA Y HORA DE LA ÚLTIMA TRANSACCIÓN
- campo de control: 20260321162247.0
008 - DATOS DE LONGITUD FIJA
- campo de control de longitud fija: 260321|| azn||aabn | a|a d
040 ## - FUENTE DE LA CATALOGACIÓN
- Centro catalogador/agencia de origen: DO-SdUEMH
- Lengua de catalogación: spa
- Normas de descripción: rda
100 1# - ENCABEZAMIENTO-NOMBRE DE PERSONA
- Nombre de persona: Ramírez Padilla, David Noel
373 ## - GRUPO ASOCIADO
- Grupo asociado: Sistema ITESM
374 ## - OCUPACIÓN
- Ocupación: Rector
375 ## - GÉNERO/SEXO
- Género/Sexo: Masculino
377 ## - LENGUA/LENGUAJE ASOCIADO
- Código del idioma: spa
- Término de lengua/lenguaje: Español
670 ## - FUENTE DE DATOS ENCONTRADOS
- Cita de la fuente: Contabilidad administrativa, 2002
- Información encontrada: (David Noel Ramírez Padilla)




